India Tile Quiz - Statistics

General Stats
  • This quiz has been taken 4 times
  • The average score is 44 of 59
Answer Stats
Question Tile Select % Correct
Pictures taken in India No
100%
Pictures taken in India No
100%
Pictures taken in India Yes
100%
Pictures taken in India No
100%
True statements about modern India Around 60% of India's land is agricultural. Yes
100%
Cities in India Bengaluru Yes
100%
Cities in India Delhi Yes
100%
Federal States of India East Bengal No
100%
Federal States of India Gondwana No
100%
Cities in India Hyderabad Yes
100%
True statements about modern India India does not recognise Pakistan as an independent state. No
100%
Cities in India Jakarta No
100%
Cities in India Karachi No
100%
Cities in India Lahore No
100%
True statements about modern India Muslims make up about 15% of India's population. Yes
100%
Cities in India Peshawar No
100%
Federal States of India Pratihara No
100%
Cities in India Pune Yes
100%
Federal States of India Rajasthan Yes
100%
Federal States of India Sarawak No
100%
Federal States of India Sirhind No
100%
Federal States of India Uttar Pradesh Yes
100%
Pictures taken in India Yes
75%
Pictures taken in India No
75%
Pictures taken in India Yes
75%
Federal States of India Balochistan No
75%
True statements about Indian history British colonial rule in India began with the conquest of Tamil Nadu in 1757. No
75%
Federal States of India Chattisgarh Yes
75%
Cities in India Chittagong No
75%
Federal States of India Deccan No
75%
True statements about Indian history For many years large parts of India were ruled by a dynasty which claimed descent from Genghis Khan. Yes
75%
Federal States of India Goa Yes
75%
True statements about modern India India is among the top 10 global oil producers. No
75%
Cities in India Indore Yes
75%
Federal States of India Jharkhand Yes
75%
Cities in India Kandahar No
75%
Federal States of India Karnataka Yes
75%
True statements about Indian history Mahatma Gandhi was independent India's first Prime Minister. No
75%
Federal States of India Nagaland Yes
75%
Cities in India Puducherry Yes
75%
Federal States of India Punjab Yes
75%
Federal States of India Sindh No
75%
True statements about modern India Some of India's eastern states are predominantly Christian. Yes
75%
True statements about Indian history The Buddha is believed to have reached enlightenment in Bodh Gaya, India. Yes
75%
True statements about modern India Varanasi is considered the holiest city in Hinduism. Yes
75%
True statements about Indian history Writing was first introduced to India in the early medieval period. No
75%
True statements about Indian history Ancient and medieval Indians settled in and established many kingdoms in Southeast Asia. Yes
50%
True statements about Indian history A people called the Aryans settled much of northern India in the Bronze Age. Yes
50%
Cities in India Guwahati Yes
50%
True statements about modern India Narendra Modi belongs to the Indian National Congress party. No
50%
True statements about modern India The caste system is still legally binding in India. No
50%
True statements about modern India There is a communist insurrection active in some of India's states. Yes
50%
Pictures taken in India Yes
25%
True statements about Indian history A war fought between India and Pakistan led to the independence of Bangladesh in 1993. No
25%
True statements about Indian history Kalidasa is among India's most praised classical authors. Yes
25%
Cities in India Ujjain Yes
25%
Pictures taken in India Yes
0%
Cities in India Deoband Yes
0%
Cities in India Qadian Yes
0%
No matching quizzes found
Score Distribution
Percent of People with Each Score
Percentile by Number Answered
Your Score History
You have not taken this quiz